|
|
|
|
| LEADER |
02275nas a2200553 a 4500 |
| 001 |
nkc20102031078 |
| 003 |
CZ PrNK |
| 005 |
20221115163303.0 |
| 007 |
ta |
| 008 |
100128d20092012xr gx 0 b0cze |
| 015 |
|
|
|a cnb002031078
|
| 022 |
|
|
|a 1804-0659
|
| 035 |
|
|
|a (OCoLC)551412886
|
| 040 |
|
|
|a ABA001
|b cze
|d OLA001
|
| 043 |
|
|
|a e-xr---
|b e-xr-ol
|2 czenas
|
| 072 |
|
7 |
|a 908(437)
|x Vlastivěda Česka a Slovenska
|2 Konspekt
|9 8
|
| 080 |
|
|
|a 94(437.325)
|2 MRF
|
| 080 |
|
|
|a 908(437.325)
|2 MRF
|
| 080 |
|
|
|a (082)
|2 MRF
|
| 210 |
1 |
|
|a Kdysi nedávno
|
| 222 |
|
0 |
|a Kdysi a nedávno
|
| 245 |
0 |
0 |
|a Kdysi a nedávno ... :
|b texty o dějinách Hranicka ...
|
| 246 |
3 |
0 |
|a Texty o dějinách Hranicka ...
|
| 260 |
|
|
|a Hranice :
|b Tichý typ,
|c 2009-2012
|
| 300 |
|
|
|a 3 sv. ;
|c 24 cm
|
| 310 |
|
|
|a 1x ročně?,
|b 2012-
|
| 321 |
|
|
|a 1x za 2 roky,
|b 2009-2011
|
| 362 |
0 |
|
|a 1 (2009)-3 (2012)
|
| 500 |
|
|
|a Název z obálky
|
| 500 |
|
|
|a Součástí názvu je arabská číslovka, součástí podnázvu je označení běžného roku
|
| 500 |
|
|
|a Jednotlivé sv. mají ISBN
|
| 541 |
|
|
|c pv-r
|
| 651 |
|
7 |
|a Hranice (Přerov, Česko : oblast)
|7 ge134230
|x dějiny
|2 czenas
|
| 651 |
|
7 |
|a Hranice (Přerov, Česko : oblast)
|7 ge134230
|x vlastivěda
|2 czenas
|
| 651 |
|
9 |
|a Hranice Region (Přerov, Czechia)
|x history
|2 eczenas
|
| 655 |
|
7 |
|a sborníky
|7 fd163935
|2 czenas
|
| 655 |
|
9 |
|a miscellanea
|2 eczenas
|
| 856 |
4 |
1 |
|3 Online verze
|u http://www.nedavno.cz
|4 N
|
| 856 |
4 |
1 |
|u http://www.digitalniknihovna.cz/mzk/uuid/uuid:f073f030-e894-11e2-9923-005056827e52
|y Digitalizovaný dokument
|x NDK
|
| 902 |
|
|
|a 978-80-903768-3-0
|q (1, 2009 ;
|q brož.)
|
| 902 |
|
|
|a 978-80-903768-6-1
|q (2, 2011 ;
|q brož.)
|
| 902 |
|
|
|a 978-80-903768-8-5
|q (3, 2012 ;
|q brož.)
|
| 910 |
2 |
|
|a BOA001
|b 04160-1231.171
|r 2009-
|
| 920 |
|
|
|a 001082183
|
| 990 |
|
|
|a SE
|
| 995 |
|
|
|a 01
|
| 996 |
6 |
|
|b 2610406543
|c 04160-1231.171
|d 2009 1
|v 2009
|i 1
|y 2009
|l MZK
|r Sklad / do 1 hodiny
|n 2
|p p.v.
|w 001105617
|u 000010
|a 1
|e BOA001
|j MZK50
|s P
|
| 996 |
6 |
|
|b 2610479032
|c 04160-1231.171
|d 2011 2
|v 2011
|i 2
|y 2011
|l MZK
|r Sklad / do 1 hodiny
|n 6
|p p.v.
|w 001105617
|u 000020
|a 1
|e BOA001
|j MZK50
|s P
|
| 996 |
6 |
|
|b 2610539045
|c 04160-1231.171
|d 2012 3
|v 2012
|i 3
|y 2012
|l MZK
|r Sklad / do 1 hodiny
|n 4
|p p.v.
|w 001105617
|u 000030
|a 1
|e BOA001
|j MZK50
|s P
|